[Event "Oberliga Ost B 2018 2019"]
[Site "?"]
[Date "2019.02.03"]
[Round "7.8"]
[White "Wolf, Philipp"]
[Black "Ungurean, Florin Ioan"]
[Result "1/2-1/2"]
[WhiteElo "1893"]
[BlackElo "1997"]
[PlyCount "47"]
[EventDate "2018.10.21"]
[EventType "team-tourn"]
[EventCountry "GER"]
[WhiteTeam "Stadtilm SG BW"]
[BlackTeam "Wiesbadener SV"]
[WhiteTeamCountry "GER"]
[BlackTeamCountry "GER"]

1. e4 c5 2. Nf3 e6 3. d4 cxd4 4. Nxd4 Nf6 5. Nc3 Bb4 6. e5 Nd5 7. Bd2 Nxc3 8.
bxc3 Be7 9. Qg4 g6 10. Bd3 Nc6 11. Qg3 Qa5 12. Nb5 a6 13. Nd6+ Bxd6 14. exd6
Qe5+ 15. Qxe5 Nxe5 16. Rb1 Nxd3+ 17. cxd3 b5 18. c4 Bb7 19. f3 O-O 20. a4 Bc6
21. axb5 axb5 22. cxb5 Bxb5 23. Ke2 Bc6 24. Ra1 1/2-1/2

[Event "Oberliga Ost B 2018 2019"]
[Site "?"]
[Date "2019.03.23"]
[Round "8.1"]
[White "Mueller, Maximilian"]
[Black "Teske, Henrik"]
[Result "0-1"]
[WhiteElo "2312"]
[BlackElo "2474"]
[PlyCount "72"]
[EventDate "2018.10.21"]
[EventType "team-tourn"]
[EventCountry "GER"]
[WhiteTeam "Gernsheim SK"]
[BlackTeam "Erfurt SV Empor"]
[WhiteTeamCountry "GER"]
[BlackTeamCountry "GER"]

1. d4 e6 2. Nf3 c5 3. c4 cxd4 4. Nxd4 Nf6 5. Nc3 Bb4 6. Bd2 O-O 7. Nc2 Bxc3 8.
Bxc3 Ne4 9. Qd4 Nxc3 10. Qxc3 b6 11. e4 Bb7 12. Bd3 Na6 13. O-O Rc8 14. b4 d5
15. exd5 exd5 16. Rad1 Qg5 17. f4 Qxg2+ 18. Kxg2 d4+ 19. Kf2 dxc3 20. Rfe1 g6
21. Re3 Rfd8 22. Rde1 Nc7 23. f5 Ne8 24. fxg6 hxg6 25. h4 Nf6 26. Rg1 Kg7 27.
Na3 Rd4 28. Nb5 Rxh4 29. Re7 Rh2+ 30. Ke3 Rh3+ 31. Ke2 Bf3+ 32. Ke1 Rd8 33.
Bxg6 Rd1+ 34. Kf2 Rxg1 35. Kxg1 Kxg6 36. Nxc3 Ng4 0-1

[Event "Oberliga Ost B 2018 2019"]
[Site "?"]
[Date "2019.03.23"]
[Round "8.2"]
[White "Langheinrich, Ferenc"]
[Black "Hebbering, Tom Elliot"]
[Result "1-0"]
[WhiteElo "2376"]
[BlackElo "2222"]
[PlyCount "75"]
[EventDate "2018.10.21"]
[EventType "team-tourn"]
[EventCountry "GER"]
[WhiteTeam "Erfurt SV Empor"]
[BlackTeam "Gernsheim SK"]
[WhiteTeamCountry "GER"]
[BlackTeamCountry "GER"]

1. f4 d5 2. Nf3 g6 3. e3 Bg7 4. c4 c6 5. d4 Nf6 6. Nc3 O-O 7. cxd5 cxd5 8. Bd3
Nc6 9. O-O Bg4 10. h3 Bxf3 11. Qxf3 Rc8 12. Bd2 e6 13. g4 a6 14. Rac1 b5 15.
Kg2 Qb6 16. Ne2 b4 17. b3 Na7 18. Rxc8 Nxc8 19. f5 Nd6 20. Ng3 Qb7 21. Qf4 Rd8
22. Rc1 a5 23. h4 exf5 24. gxf5 Nfe4 25. Bxe4 dxe4 26. h5 Nxf5 27. Nxf5 gxf5
28. h6 Bf6 29. Qxf5 Qa6 30. Rf1 Rd6 31. Qg4+ Kf8 32. Be1 Bxd4 33. Bg3 Rg6 34.
Qd7 Qe2+ 35. Rf2 Rxg3+ 36. Kxg3 Qxe3+ 37. Kg4 Bf6 38. Qd6+ 1-0

[Event "Oberliga Ost B 2018 2019"]
[Site "?"]
[Date "2019.03.23"]
[Round "8.3"]
[White "Neumann, Martin"]
[Black "Urban, Lars"]
[Result "0-1"]
[WhiteElo "2091"]
[BlackElo "2186"]
[PlyCount "74"]
[EventDate "2018.10.21"]
[EventType "team-tourn"]
[EventCountry "GER"]
[WhiteTeam "Gernsheim SK"]
[BlackTeam "Erfurt SV Empor"]
[WhiteTeamCountry "GER"]
[BlackTeamCountry "GER"]

1. d4 d5 2. c4 e6 3. Nc3 Nf6 4. Bg5 Be7 5. e3 O-O 6. Nf3 c6 7. Qc2 Nbd7 8. Bd3
h6 9. Bh4 dxc4 10. Bxc4 b5 11. Bd3 a6 12. O-O-O Bb7 13. e4 Rc8 14. Kb1 c5 15.
Qe2 c4 16. Bc2 b4 17. Na4 b3 18. axb3 cxb3 19. Bxb3 Bxe4+ 20. Ka2 Qa5 21. Bxf6
Nxf6 22. d5 Bxd5 23. Rxd5 Nxd5 24. Kb1 Rb8 25. Qd2 Qxd2 26. Nxd2 Rfd8 27. Bxd5
Rxd5 28. Kc2 Bb4 29. Nc4 Rg5 30. Ne3 Rc8+ 31. Kd3 Rd8+ 32. Kc4 Bd2 33. h4 Re5
34. Ra1 Bxe3 35. fxe3 Re4+ 36. Kc5 Rxe3 37. Nb6 Rb3 0-1

[Event "Oberliga Ost B 2018 2019"]
[Site "?"]
[Date "2019.03.23"]
[Round "8.4"]
[White "Friedrich, Wiede"]
[Black "Di Capua, Francesco Stefano"]
[Result "1/2-1/2"]
[WhiteElo "2294"]
[BlackElo "1941"]
[PlyCount "81"]
[EventDate "2018.10.21"]
[EventType "team-tourn"]
[EventCountry "GER"]
[WhiteTeam "Erfurt SV Empor"]
[BlackTeam "Gernsheim SK"]
[WhiteTeamCountry "GER"]
[BlackTeamCountry "GER"]

1. d4 Nf6 2. c4 e6 3. Nf3 d5 4. g3 Bb4+ 5. Bd2 Be7 6. Bg2 O-O 7. O-O a6 8. Qc2
dxc4 9. Qxc4 b5 10. Qc2 Bb7 11. Rc1 Bd6 12. a4 Be4 13. Qb3 Bd5 14. Qc2 Be4 15.
Qb3 Bd5 16. Qd3 Be4 17. Qe3 b4 18. Ne5 Bxg2 19. Kxg2 a5 20. Qf3 Bxe5 21. Qxa8
Qxd4 22. Qxa5 Qe4+ 23. Kg1 Bxb2 24. Bxb4 Nc6 25. Rxc6 Qxc6 26. Bxf8 Bxa1 27.
Ba3 h5 28. Qb4 Qa6 29. Nd2 Qxe2 30. Qb8+ Kh7 31. Qb1+ Kg8 32. Qb8+ Kh7 33. Qb1+
Kg8 34. Nb3 Ne4 35. Qf1 Qf3 36. a5 Nc3 37. Qxa1 Ne2+ 38. Kf1 Nc3 39. Kg1 Ne2+
40. Kf1 Nc3 41. Kg1 1/2-1/2

[Event "Oberliga Ost B 2018 2019"]
[Site "?"]
[Date "2019.03.23"]
[Round "8.5"]
[White "Peterson, Emery"]
[Black "Weishaeutel, Moritz"]
[Result "0-1"]
[WhiteElo "2172"]
[BlackElo "2282"]
[PlyCount "68"]
[EventDate "2018.10.21"]
[EventType "team-tourn"]
[EventCountry "GER"]
[WhiteTeam "Gernsheim SK"]
[BlackTeam "Erfurt SV Empor"]
[WhiteTeamCountry "GER"]
[BlackTeamCountry "GER"]

1. d4 Nf6 2. e3 d5 3. f4 c5 4. Nf3 e6 5. c3 Be7 6. Bd3 O-O 7. O-O b6 8. Ne5 Ba6
9. Rf3 Bxd3 10. Qxd3 Ne4 11. Nd2 f6 12. Ng4 f5 13. Ne5 Qc7 14. Qe2 Nd7 15. Nxd7
Nxd2 16. Bxd2 Qxd7 17. Rh3 g6 18. Kh1 a5 19. g4 e5 20. dxe5 fxg4 21. Rg3 h5 22.
Rd1 Qa4 23. Bc1 Rad8 24. b3 Qe4+ 25. Rg2 c4 26. Qc2 Bc5 27. bxc4 Qxc2 28. Rxc2
dxc4 29. Rxd8 Rxd8 30. Rd2 Rd3 31. Rxd3 cxd3 32. Kg2 b5 33. Kf2 h4 34. Kg2 b4
0-1

[Event "Oberliga Ost B 2018 2019"]
[Site "?"]
[Date "2019.03.23"]
[Round "8.6"]
[White "Michalowski, Peter"]
[Black "Nies, Peter"]
[Result "1-0"]
[WhiteElo "2092"]
[BlackElo "2074"]
[PlyCount "43"]
[EventDate "2018.10.21"]
[EventType "team-tourn"]
[EventCountry "GER"]
[WhiteTeam "Erfurt SV Empor"]
[BlackTeam "Gernsheim SK"]
[WhiteTeamCountry "GER"]
[BlackTeamCountry "GER"]

1. e4 e6 2. d4 d5 3. Nc3 Nf6 4. e5 Nfd7 5. f4 c5 6. Nf3 Nc6 7. Be3 cxd4 8. Nxd4
Bc5 9. Qd2 O-O 10. O-O-O a6 11. Qf2 Bxd4 12. Bxd4 b5 13. Be3 b4 14. Na4 a5 15.
h4 Ba6 16. h5 Ne7 17. h6 g6 18. Kb1 Bxf1 19. Rhxf1 Rb8 20. Nc5 Nf5 21. Nxd7
Nxe3 22. Nf6+ 1-0

[Event "Oberliga Ost B 2018 2019"]
[Site "?"]
[Date "2019.03.23"]
[Round "8.7"]
[White "Wenner, Frank"]
[Black "Sieber, Stephan"]
[Result "1/2-1/2"]
[WhiteElo "2088"]
[BlackElo "2211"]
[PlyCount "61"]
[EventDate "2018.10.21"]
[EventType "team-tourn"]
[EventCountry "GER"]
[WhiteTeam "Gernsheim SK"]
[BlackTeam "Erfurt SV Empor"]
[WhiteTeamCountry "GER"]
[BlackTeamCountry "GER"]

1. Nf3 g6 2. c4 Bg7 3. g3 f5 4. d4 d6 5. Nc3 Nf6 6. Bg2 O-O 7. O-O Qe8 8. d5 c5
9. Re1 Na6 10. e4 Nxe4 11. Nxe4 fxe4 12. Ng5 Bd4 13. Be3 Bxb2 14. Rb1 Bc3 15.
Re2 Rb8 16. Nxe4 Be5 17. Bh6 Bg4 18. Bxf8 Bxe2 19. Qxe2 Qxf8 20. Ng5 Qf5 21.
Ne4 Nc7 22. a4 b6 23. Bf3 h5 24. Re1 Rf8 25. Bg2 Kg7 26. f4 Bf6 27. Nxf6 Qxf6
28. Qxe7+ Qxe7 29. Rxe7+ Rf7 30. Re2 Kf6 31. Kf2 1/2-1/2

[Event "Oberliga Ost B 2018 2019"]
[Site "?"]
[Date "2019.03.23"]
[Round "8.8"]
[White "Wiemers, Holger"]
[Black "Rolf, Marco"]
[Result "1-0"]
[WhiteElo "2042"]
[BlackElo "2061"]
[PlyCount "65"]
[EventDate "2018.10.21"]
[EventType "team-tourn"]
[EventCountry "GER"]
[WhiteTeam "Erfurt SV Empor"]
[BlackTeam "Gernsheim SK"]
[WhiteTeamCountry "GER"]
[BlackTeamCountry "GER"]

1. d4 d5 2. Nf3 Nf6 3. e3 c5 4. b3 Nc6 5. Bb2 Bf5 6. Bd3 Bxd3 7. Qxd3 e6 8. O-O
Be7 9. a3 O-O 10. Nbd2 Qc7 11. Rac1 Rad8 12. Qe2 cxd4 13. exd4 Qf4 14. Rfe1 a6
15. Qe3 Bd6 16. g3 Qf5 17. Qg5 Qxg5 18. Nxg5 b5 19. c4 dxc4 20. bxc4 Na5 21. c5
Bc7 22. Ngf3 Rd5 23. Ne5 Rfd8 24. Bc3 Nb7 25. Nd3 Ba5 26. c6 Bxc3 27. cxb7 Bxd4
28. Rc8 Ba7 29. Nb4 Rxd2 30. Nc6 Bxf2+ 31. Kf1 Ng4 32. Rxd8+ Rxd8 33. Nxd8 1-0

[Event "Oberliga Ost B 2018 2019"]
[Site "?"]
[Date "2019.03.23"]
[Round "8.1"]
[White "Schmidt Schaeffer, Sebastian"]
[Black "Nguyen, Huy Dat"]
[Result "0-1"]
[WhiteElo "2338"]
[BlackElo "2165"]
[PlyCount "80"]
[EventDate "2018.10.21"]
[EventType "team-tourn"]
[EventCountry "GER"]
[WhiteTeam "Naumburger SV"]
[BlackTeam "Erfurt SV Medizin"]
[WhiteTeamCountry "GER"]
[BlackTeamCountry "GER"]

1. e4 c5 2. Nf3 d6 3. d4 cxd4 4. Nxd4 Nf6 5. Nc3 a6 6. g3 e5 7. Nde2 b5 8. Bg2
Bb7 9. O-O Be7 10. h3 Nbd7 11. g4 b4 12. Nd5 Nxd5 13. exd5 O-O 14. a3 a5 15.
Ng3 g6 16. Bh6 Re8 17. Qd2 Nb6 18. axb4 axb4 19. Qxb4 Bxd5 20. Bxd5 Nxd5 21.
Qd2 Nb6 22. b3 d5 23. Kg2 Qc7 24. Rxa8 Rxa8 25. Re1 Ra2 26. Re2 f6 27. Qd3 Qc6
28. f3 Nd7 29. h4 Nc5 30. Qc3 Qb7 31. h5 Ne6 32. hxg6 hxg6 33. Be3 Kf7 34. Qe1
d4 35. Bd2 Rxc2 36. Qh1 Qxb3 37. Qh7+ Ng7 38. g5 Qd3 39. gxf6 Bxf6 40. Qh6 g5
0-1

[Event "Oberliga Ost B 2018 2019"]
[Site "?"]
[Date "2019.03.23"]
[Round "8.2"]
[White "Wehner, Janis"]
[Black "Heinrich, Julius Tobias"]
[Result "0-1"]
[WhiteElo "2146"]
[BlackElo "2083"]
[PlyCount "84"]
[EventDate "2018.10.21"]
[EventType "team-tourn"]
[EventCountry "GER"]
[WhiteTeam "Erfurt SV Medizin"]
[BlackTeam "Naumburger SV"]
[WhiteTeamCountry "GER"]
[BlackTeamCountry "GER"]

1. e4 e6 2. d4 d5 3. Nd2 Nf6 4. e5 Nfd7 5. Bd3 c5 6. c3 Nc6 7. Ne2 Qb6 8. Nf3
Be7 9. O-O O-O 10. a3 f6 11. Qc2 f5 12. Nf4 c4 13. Be2 Na5 14. h4 Nb3 15. Rb1
Rf7 16. Be3 Nf8 17. g3 Bd7 18. Nd2 Ba4 19. Nxb3 Bxb3 20. Qd2 Qc6 21. Nh5 g6 22.
Nf6+ Bxf6 23. exf6 Nd7 24. Bf4 Nxf6 25. Bf3 h5 26. Rbe1 Re8 27. Re5 Ne4 28.
Bxe4 fxe4 29. Rg5 Kh7 30. Be5 Rg8 31. Kg2 Qe8 32. g4 Qf8 33. f4 exf3+ 34. Kf2
Qh6 35. Rg1 hxg4 36. R1xg4 Rf5 37. Bf4 Rxg5 38. hxg5 Qh1 39. Kg3 Qg1+ 40. Kh3
Qf1+ 41. Kg3 Rf8 42. Be5 Qg1+ 0-1

[Event "Oberliga Ost B 2018 2019"]
[Site "?"]
[Date "2019.03.23"]
[Round "8.3"]
[White "Fritsch, Andreas"]
[Black "Jakob, Matthias"]
[Result "0-1"]
[WhiteElo "2051"]
[BlackElo "2102"]
[PlyCount "130"]
[EventDate "2018.10.21"]
[EventType "team-tourn"]
[EventCountry "GER"]
[WhiteTeam "Naumburger SV"]
[BlackTeam "Erfurt SV Medizin"]
[WhiteTeamCountry "GER"]
[BlackTeamCountry "GER"]

1. Nc3 Nc6 2. d4 d6 3. e4 g6 4. Be2 Bg7 5. Be3 Nf6 6. h4 h5 7. Nh3 Ng4 8. Qd2
Nxe3 9. fxe3 Bh6 10. Bf3 e5 11. Qf2 exd4 12. exd4 O-O 13. Nd5 Bxh3 14. Rxh3 Kh8
15. c3 Ne7 16. Ne3 f5 17. Qe2 Qe8 18. O-O-O fxe4 19. Bxe4 d5 20. Bd3 Nf5 21.
Bxf5 Rxf5 22. Kb1 Qe4+ 23. Qd3 Qxd3+ 24. Rxd3 Rf2 25. Nxd5 Re8 26. Ne3 Re2 27.
Nd1 Rxg2 28. Rh1 Ree2 29. c4 Rd2 30. Rxd2 Rxd2 31. d5 Kg7 32. Nc3 a6 33. Re1
Kf7 34. Rf1+ Kg7 35. Re1 Kf7 36. Rf1+ Kg8 37. Re1 Rd4 38. c5 Bd2 39. Re7 Bxc3
40. bxc3 Rxd5 41. Rxc7 g5 42. hxg5 Rxg5 43. Kc2 h4 44. Rxb7 Rxc5 45. Rb1 h3 46.
Rh1 Rh5 47. Rh2 Kf7 48. Kd3 Ke6 49. Ke4 Rh4+ 50. Ke3 Kd5 51. Kd3 a5 52. Ke3 Kc4
53. Kd2 Rh6 54. Kc2 a4 55. Kb2 Rh4 56. a3 Kd3 57. Rh1 h2 58. Rd1+ Ke2 59. Rh1
Kf2 60. c4 Kg2 61. Rxh2+ Kxh2 62. Kc3 Kg3 63. Kb4 Kf3 64. Kb5 Ke3 65. c5 Kd3
0-1

[Event "Oberliga Ost B 2018 2019"]
[Site "?"]
[Date "2019.03.23"]
[Round "8.4"]
[White "Kirschbaum, Gunnar"]
[Black "Haertig, Jens"]
[Result "0-1"]
[WhiteElo "2114"]
[BlackElo "2132"]
[PlyCount "48"]
[EventDate "2018.10.21"]
[EventType "team-tourn"]
[EventCountry "GER"]
[WhiteTeam "Erfurt SV Medizin"]
[BlackTeam "Naumburger SV"]
[WhiteTeamCountry "GER"]
[BlackTeamCountry "GER"]

1. d4 d5 2. c4 c6 3. Nf3 Nf6 4. Nc3 e6 5. Bg5 Nbd7 6. cxd5 exd5 7. e3 Be7 8.
Qc2 O-O 9. Bd3 Re8 10. O-O h6 11. Bh4 Ne4 12. Bxe7 Qxe7 13. Bxe4 dxe4 14. Nd2
f5 15. Rae1 b6 16. f3 Ba6 17. Rf2 Bd3 18. Qb3+ Kh8 19. fxe4 fxe4 20. Rf7 Qh4
21. Qd1 Nf6 22. h3 Rf8 23. Rxf8+ Rxf8 24. Nf1 Ng4 0-1

[Event "Oberliga Ost B 2018 2019"]
[Site "?"]
[Date "2019.03.23"]
[Round "8.5"]
[White "Will, Matthias"]
[Black "Mueller Ludwig, Kristin"]
[Result "0-1"]
[WhiteElo "2014"]
[BlackElo "2025"]
[PlyCount "68"]
[EventDate "2018.10.21"]
[EventType "team-tourn"]
[EventCountry "GER"]
[WhiteTeam "Naumburger SV"]
[BlackTeam "Erfurt SV Medizin"]
[WhiteTeamCountry "GER"]
[BlackTeamCountry "GER"]

1. Nf3 Nf6 2. c4 g6 3. b4 Bg7 4. Bb2 O-O 5. g3 c6 6. Qb3 a5 7. a3 axb4 8. axb4
Rxa1 9. Bxa1 Na6 10. Bc3 Qb6 11. d4 c5 12. b5 Ne4 13. e3 Nxc3 14. Qxc3 cxd4 15.
exd4 Nc5 16. Nbd2 Qf6 17. Bg2 b6 18. Qe3 Nb7 19. Ne4 Qe6 20. d5 Qf5 21. O-O d6
22. Nh4 Qe5 23. Qxb6 g5 24. Nxg5 Qxg5 25. f4 Qf6 26. Nf3 Nc5 27. h3 Qc3 28. Qc7
Bf6 29. g4 Qe3+ 30. Kh1 Ne4 31. Re1 Nf2+ 32. Kg1 Nxh3+ 33. Kh2 Qxf4+ 34. Kxh3
Bxg4# 0-1

[Event "Oberliga Ost B 2018 2019"]
[Site "?"]
[Date "2019.03.23"]
[Round "8.6"]
[White "Reichel, Norbert"]
[Black "Muekke, Jens Frieder"]
[Result "1-0"]
[WhiteElo "2094"]
[BlackElo "1981"]
[PlyCount "53"]
[EventDate "2018.10.21"]
[EventType "team-tourn"]
[EventCountry "GER"]
[WhiteTeam "Erfurt SV Medizin"]
[BlackTeam "Naumburger SV"]
[WhiteTeamCountry "GER"]
[BlackTeamCountry "GER"]

1. d4 Nf6 2. Nf3 d6 3. c4 g6 4. g3 Bg7 5. Bg2 O-O 6. O-O Nc6 7. Nc3 e5 8. d5
Ne7 9. e4 Nd7 10. b4 f5 11. exf5 Nxf5 12. Ne4 h6 13. Bb2 Nf6 14. Nxf6+ Qxf6 15.
Qc2 Kh7 16. Rad1 Bd7 17. Bc3 Ne7 18. Nd2 Bf5 19. Ne4 Qf7 20. Qe2 Rad8 21. Bb2
Bc8 22. f4 Qe8 23. fxe5 dxe5 24. Rxf8 Qxf8 25. Rf1 Qh8 26. Rf7 Bf5 27. Nf6# 1-0

[Event "Oberliga Ost B 2018 2019"]
[Site "?"]
[Date "2019.03.23"]
[Round "8.7"]
[White "Roessler, Bernd"]
[Black "Nguyen, Ha Thanh"]
[Result "1/2-1/2"]
[WhiteElo "2080"]
[BlackElo "1879"]
[PlyCount "82"]
[EventDate "2018.10.21"]
[EventType "team-tourn"]
[EventCountry "GER"]
[WhiteTeam "Naumburger SV"]
[BlackTeam "Erfurt SV Medizin"]
[WhiteTeamCountry "GER"]
[BlackTeamCountry "GER"]

1. d4 Nf6 2. Bf4 g6 3. Nf3 Bg7 4. e3 O-O 5. c3 d5 6. Bd3 Nbd7 7. Nbd2 c5 8. Qe2
Qb6 9. Rb1 Nh5 10. Bg3 Nxg3 11. hxg3 e5 12. dxe5 Nxe5 13. Nxe5 Bxe5 14. O-O Bg7
15. c4 dxc4 16. Bxc4 Bd7 17. Rfd1 Rad8 18. Nf3 Bc6 19. b3 Bf6 20. Qc2 Qc7 21.
a4 Qe7 22. Rbc1 Be4 23. Qe2 b6 24. Rxd8 Rxd8 25. Rd1 Kg7 26. Nh2 Bc3 27. Nf1
Rd6 28. f3 Bc6 29. Kf2 Qd7 30. Rd3 Rxd3 31. Qxd3 Qxd3 32. Bxd3 Kf6 33. Bc4 Ke7
34. g4 f6 35. Ng3 Be5 36. Ne2 Kd6 37. Bg8 h6 38. Bf7 g5 39. Bc4 Bb7 40. g3 Bb2
41. Ng1 Bc6 1/2-1/2

[Event "Oberliga Ost B 2018 2019"]
[Site "?"]
[Date "2019.03.23"]
[Round "8.8"]
[White "Grund, Sebastian"]
[Black "Schlag, Andreas"]
[Result "1-0"]
[WhiteElo "2071"]
[BlackElo "2076"]
[PlyCount "85"]
[EventDate "2018.10.21"]
[EventType "team-tourn"]
[EventCountry "GER"]
[WhiteTeam "Erfurt SV Medizin"]
[BlackTeam "Naumburger SV"]
[WhiteTeamCountry "GER"]
[BlackTeamCountry "GER"]

1. d4 e6 2. c4 f5 3. g3 Nf6 4. Bg2 Bb4+ 5. Bd2 Bxd2+ 6. Nxd2 O-O 7. Ngf3 Nc6 8.
O-O d6 9. Qc2 Bd7 10. e4 fxe4 11. Nxe4 Nxe4 12. Qxe4 Qf6 13. d5 exd5 14. cxd5
Ne7 15. Rac1 c6 16. Qb4 Rab8 17. dxc6 bxc6 18. Qa3 Rxb2 19. Qxa7 Bg4 20. Rce1
Nc8 21. Qa3 c5 22. Re4 Rb4 23. Nd2 Rxe4 24. Nxe4 Qd4 25. Qb3+ c4 26. Qc3 Qxc3
27. Nxc3 Bf3 28. a4 Bxg2 29. Kxg2 Rf5 30. Rb1 Kf7 31. Rb8 Ne7 32. Nb5 Ke6 33.
Nd4+ Kd5 34. Nxf5 Nxf5 35. a5 Nd4 36. a6 Nc6 37. Rb1 c3 38. Kf3 Kc4 39. Ke2 c2
40. Ra1 Kc3 41. a7 Nxa7 42. Rxa7 c1=N+ 43. Ke3 1-0

[Event "Oberliga Ost B 2018 2019"]
[Site "?"]
[Date "2019.03.23"]
[Round "8.1"]
[White "Lubbe, Nikolas"]
[Black "Wege, Jochen"]
[Result "1/2-1/2"]
[WhiteElo "2456"]
[BlackElo "2254"]
[PlyCount "163"]
[EventDate "2018.10.21"]
[EventType "team-tourn"]
[EventCountry "GER"]
[WhiteTeam "Neuberg SF"]
[BlackTeam "Frankfurt SC Koenig Nied"]
[WhiteTeamCountry "GER"]
[BlackTeamCountry "GER"]

1. Nf3 Nf6 2. d4 c5 3. d5 b5 4. a4 Bb7 5. c4 bxc4 6. Nc3 d6 7. e4 g6 8. Bxc4
Nbd7 9. a5 a6 10. O-O Bg7 11. Bf4 O-O 12. h3 Ne8 13. Re1 Ne5 14. Nxe5 dxe5 15.
Be3 Nd6 16. Bf1 Qc7 17. Qc2 Rfc8 18. f3 c4 19. Na4 Qxa5 20. Nb6 Qb5 21. Nxa8
Bxa8 22. b3 Qxb3 23. Qxb3 cxb3 24. Rxa6 f5 25. Bd3 Bb7 26. Rb6 Rc3 27. Bf1 Bf6
28. Bd2 Rc2 29. Bb4 Bh4 30. Re2 Ba6 31. Rxc2 bxc2 32. Rc6 Bg5 33. Bxa6 c1=Q+
34. Rxc1 Bxc1 35. Bd3 fxe4 36. fxe4 Kf7 37. Kf2 Kf6 38. Kf3 h6 39. Kg4 Kf7 40.
h4 h5+ 41. Kf3 Kf6 42. g3 Kf7 43. Ba6 Kf6 44. Bf1 Kf7 45. Bd3 Kf6 46. g4 hxg4+
47. Kxg4 Kf7 48. h5 gxh5+ 49. Kxh5 Kf6 50. Be1 Kf7 51. Bg3 Kf6 52. Bh4+ Kf7 53.
Bc2 Bd2 54. Kg4 Bc1 55. Bb3 Bd2 56. Kf3 Bc1 57. Ke2 Bh6 58. Kd3 Bf4 59. Bd1 Ke8
60. Bh5+ Kd7 61. Be1 Kd8 62. Bf2 Kc7 63. Bf3 Kd7 64. Be1 Ke8 65. Bh5+ Kd7 66.
Ba5 Nb7 67. Bb6 Nd6 68. Bf2 Nb7 69. Bg4+ Ke8 70. Bh5+ Kd7 71. Ke2 Kd6 72. Bg4
Nc5 73. Bf5 e6 74. dxe6 Nxe6 75. Kd3 Bc1 76. Kc4 Nd4 77. Bg4 Bd2 78. Bh4 Ne6
79. Bf2 Nd4 80. Kd3 Bg5 81. Be1 Kc5 82. Ba5 1/2-1/2

[Event "Oberliga Ost B 2018 2019"]
[Site "?"]
[Date "2019.03.23"]
[Round "8.2"]
[White "Chandler, Patrick"]
[Black "Lubbe, Melanie"]
[Result "0-1"]
[WhiteElo "2163"]
[BlackElo "2288"]
[PlyCount "86"]
[EventDate "2018.10.21"]
[EventType "team-tourn"]
[EventCountry "GER"]
[WhiteTeam "Frankfurt SC Koenig Nied"]
[BlackTeam "Neuberg SF"]
[WhiteTeamCountry "GER"]
[BlackTeamCountry "GER"]

1. b4 e5 2. Bb2 d6 3. c4 Nf6 4. Nc3 g6 5. g3 Bg7 6. Bg2 O-O 7. e3 c6 8. d4 Be6
9. d5 cxd5 10. cxd5 Bd7 11. Nge2 Qb6 12. Rb1 Qxb4 13. Bc1 Qa5 14. Rxb7 Na6 15.
O-O Nc5 16. Rb1 Bf5 17. Ra1 Rab8 18. Bd2 Qa6 19. f3 Bd3 20. Rf2 Bc4 21. Bf1
Nxd5 22. Nxd5 Bxd5 23. Nc3 Bc4 24. Bxc4 Qxc4 25. e4 f5 26. Qf1 Qd4 27. Rd1 fxe4
28. Be1 Qe3 29. Qc4+ Kh8 30. Nd5 Qg5 31. fxe4 Qg4 32. Nc3 Bh6 33. Qe2 Qd7 34.
Rxf8+ Rxf8 35. Bf2 Ne6 36. Nb5 Ng5 37. Bxa7 Nxe4 38. a4 Qb7 39. Qd3 Ng5 40. Qd5
Nf3+ 41. Kg2 Qc8 42. Qd3 Qc6 43. Kh3 Ng5+ 0-1

[Event "Oberliga Ost B 2018 2019"]
[Site "?"]
[Date "2019.03.23"]
[Round "8.3"]
[White "Kuenstler, Christian"]
[Black "Uwira, Oliver"]
[Result "1/2-1/2"]
[WhiteElo "2280"]
[BlackElo "2193"]
[PlyCount "81"]
[EventDate "2018.10.21"]
[EventType "team-tourn"]
[EventCountry "GER"]
[WhiteTeam "Neuberg SF"]
[BlackTeam "Frankfurt SC Koenig Nied"]
[WhiteTeamCountry "GER"]
[BlackTeamCountry "GER"]

1. Nf3 Nf6 2. g3 d5 3. Bg2 c6 4. O-O Bg4 5. d4 Nbd7 6. Nbd2 e6 7. c3 Bd6 8. Re1
Ne4 9. Nxe4 dxe4 10. Ng5 Nf6 11. Qc2 h5 12. Nxe4 Nxe4 13. Qxe4 Bf5 14. Qf3 h4
15. e4 Bg6 16. Bf4 Bxf4 17. Qxf4 hxg3 18. hxg3 Qe7 19. a4 O-O-O 20. b4 Rh5 21.
d5 e5 22. Qe3 Kb8 23. dxc6 bxc6 24. Red1 Rhh8 25. b5 c5 26. Bf3 f6 27. Rab1 Bf7
28. Rxd8+ Rxd8 29. Be2 Kb7 30. a5 Rd6 31. Kg2 Qc7 32. Kf1 Be6 33. f3 g5 34. Kg2
Qxa5 35. Qxc5 Qb6 36. Qxb6+ Kxb6 37. Kf2 Kc5 38. Ra1 Rd2 39. Ke3 Ra2 40. Rh1
Bc4 41. Bxc4 1/2-1/2

[Event "Oberliga Ost B 2018 2019"]
[Site "?"]
[Date "2019.03.23"]
[Round "8.4"]
[White "Graf, Gerd"]
[Black "Wahedi, Ahmad Siar"]
[Result "1-0"]
[WhiteElo "2238"]
[BlackElo "2298"]
[PlyCount "129"]
[EventDate "2018.10.21"]
[EventType "team-tourn"]
[EventCountry "GER"]
[WhiteTeam "Frankfurt SC Koenig Nied"]
[BlackTeam "Neuberg SF"]
[WhiteTeamCountry "GER"]
[BlackTeamCountry "GER"]

1. Nf3 d5 2. g3 Nf6 3. Bg2 g6 4. O-O Bg7 5. c3 O-O 6. d3 Nc6 7. Qc2 Bf5 8. Nbd2
Qc8 9. b4 Bh3 10. Bb2 Bxg2 11. Kxg2 b5 12. a3 e5 13. e4 Qd7 14. Rac1 Rfe8 15.
Rfe1 a5 16. Nb3 Nd8 17. Nxa5 c5 18. Nb3 c4 19. Nc5 Qc6 20. exd5 Qxd5 21. dxc4
Qxc4 22. Qe2 e4 23. Nd4 Qd5 24. c4 bxc4 25. Qxc4 Qh5 26. Qe2 Qd5 27. Qc4 Qh5
28. h3 e3 29. fxe3 Bh6 30. Nf3 Rxe3 31. g4 Qd5 32. Rxe3 Bxe3 33. Bxf6 Qc6 34.
Re1 Rxa3 35. Bb2 Ne6 36. Qe4 Nf4+ 37. Kh1 Qxe4 38. Nxe4 Rb3 39. Nf6+ Kg7 40.
Ba1 Ra3 41. Nd5+ Rxa1 42. Rxa1 Nxd5 43. b5 Kf6 44. Ra6+ Ke7 45. Rc6 f6 46. g5
fxg5 47. Ne5 Bf4 48. Nc4 Nb4 49. Rb6 Kd8 50. Rb7 h5 51. Rg7 g4 52. hxg4 hxg4
53. Rxg6 g3 54. Kg2 Kc8 55. Kf3 Bb8 56. Ke4 Nc2 57. Kd5 Nb4+ 58. Ke6 Nd3 59.
Nd6+ Bxd6 60. Kxd6 Kb7 61. Rxg3 Nf2 62. Rf3 Ne4+ 63. Kd5 Ng5 64. Rf5 Nh3 65.
Kc5 1-0

[Event "Oberliga Ost B 2018 2019"]
[Site "?"]
[Date "2019.03.23"]
[Round "8.5"]
[White "Lutz, Klaus Juergen"]
[Black "Perlitz, Sven"]
[Result "1-0"]
[WhiteElo "2206"]
[BlackElo "2094"]
[PlyCount "69"]
[EventDate "2018.10.21"]
[EventType "team-tourn"]
[EventCountry "GER"]
[WhiteTeam "Neuberg SF"]
[BlackTeam "Frankfurt SC Koenig Nied"]
[WhiteTeamCountry "GER"]
[BlackTeamCountry "GER"]

1. e4 c5 2. c3 d5 3. exd5 Qxd5 4. Nf3 Nc6 5. d4 Bg4 6. Be2 cxd4 7. cxd4 e6 8.
Nc3 Qa5 9. O-O Nf6 10. a3 Bd6 11. h3 Bh5 12. Be3 O-O 13. Qb3 Ne7 14. Nb5 Qd8
15. Bg5 Nfd5 16. Bc4 f6 17. Bd2 Bf7 18. Qa2 a6 19. Nc3 Rc8 20. Rac1 Bb8 21.
Rfe1 Re8 22. Ne4 Nf5 23. Bd3 Rxc1 24. Rxc1 e5 25. Qb1 Nxd4 26. Nxd4 exd4 27.
Nc5 Qd6 28. Bxh7+ Kh8 29. g3 g6 30. Bxg6 Rg8 31. Bxf7 Rxg3+ 32. Kf1 Ne3+ 33.
Bxe3 dxe3 34. Qf5 e2+ 35. Kxe2 1-0